000 00518nam a22001937a 4500
999 _c526792
_d526792
003 NUST
005 20190716095925.0
008 190716b ||||| |||| 00| 0 eng d
038 _awaseem
082 _a891.4393
_bMEH
100 _aMehmood, Qasim
_917793
245 _aJins ore Muhbat /
_cQasim Mehmood
260 _aLahore :
_bFiction House,
_c2000.
300 _a250 p. ;
500 _aHardcover.
880 _6100-01\r
_aقاسم محمود
880 _6245-02\r
_aجنس اور محبت /
942 _2ddc
_cBK